[Event "Tourn. n8428"]
[Site "www.chess-mail.com"]
[Date "2015.12.01"]
[Round "1"]
[White "Ditto"]
[Black "Julian"]
[WhiteElo "1860"]
[BlackElo "1770"]
[Result "0-1"]
[Round "1"]
1.e4 c5
2.Bf1c4 e6
3.Nb1c3 a6
4.d3 b5
5.Bc4xb5 axb5
6.Nc3xb5 d5
7.e5 Qd8a5
8.Bc1d2 Qa5xb5
9.Ng1f3 Ng8e7
10.O-O Ne7g6
11.Nf3g5 Bf8e7
12.Ng5f3 O-O
13.Ra1b1 Nb8c6
14.a3 Nc6xe5
15.Bd2c3 d4
16.Bc3d2 Bc8b7
17.Bd2e1 Ne5xf3
18.gxf3 Ng6h4
19.c4 Qb5c6
20.Be1d2 Nh4xf3
21.Kh1 Nf3xd2
22.f3 Nd2xf1
23.Qd1xf1 Qc6xf3
24.Qf1xf3 Bb7xf3
25.Kg1 Be7g5
26.Rb1f1 Bg5e3
27.Rf1f2 Be3xf2
{ resign }
0-1

[Event "Tourn. n8485"]
[Site "www.chess-mail.com"]
[Date "2015.12.01"]
[Round "1"]
[White "Yangqi"]
[Black "Gimmyg"]
[WhiteElo "2600"]
[BlackElo "2440"]
[Result "1/2-1/2"]
[Round "1"]
1.e4 Nb8c6
2.d4 d5
3.e5 Bc8f5
4.Ng1f3 e6
5.Bf1e2 f6
6.O-O fxe5
7.Nf3xe5 Nc6xe5
8.dxe5 Qd8d7
9.Nb1d2 Ng8e7
10.Nd2b3 O-O-O
11.Bc1e3 a6
12.g4 Bf5g6
13.Nb3c5 Qd7c6
14.c3 Bg6e4
15.Qd1d4 Ne7g6
16.Nc5b3 Be4c2
17.f4 h5
18.Ra1c1 Bc2xb3
19.axb3 hxg4
20.Be2xg4 Rh8h4
21.h3 Ng6e7
22.c4 dxc4
23.Qd4a7 Rh4xg4
24.hxg4 Ne7d5
25.Rc1xc4 Qc6b5
26.Rf1c1 Qb5xb3
27.Be3f2 Qb3xb2
28.Bf2h4 Rd8e8
29.f5 Kd7
30.Rc1d1 c6
31.Bh4e1 Qb2b5
32.Qa7d4 exf5
33.gxf5 Re8xe5
34.Qd4g4 Kd8
35.Be1g3 Re5e8
36.Qg4f4 Bf8c5
37.Kh1 Ke7
38.Rd1xd5 cxd5
39.Qf4c7 Kf8
40.Qc7xc5 Qb5xc5
41.Rc4xc5 g6
42.fxg6 { draw }
1/2-1/2

[Event "Tourn. n8462"]
[Site "www.chess-mail.com"]
[Date "2015.12.01"]
[Round "1"]
[White "Emiondi"]
[Black "Jhw"]
[WhiteElo "2139"]
[BlackElo "1910"]
[Result "1-0"]
[Round "1"]
1.d4 c5
2.d5 e6
3.e4 Ng8f6
4.Nb1c3 Qd8e7
5.Bf1e2 exd5
6.Nc3xd5 Nf6xd5
7.exd5 b6
8.c4 g6
9.Ng1f3 Bf8g7
10.O-O d6
11.Rf1e1 O-O
12.Be2d3 Qe7d8
13.Bc1g5 f6
14.Bg5f4 Bc8g4
15.h3 Bg4xf3
16.Qd1xf3 f5
17.Re1e2 g5
18.Bf4h2 Qd8c8
19.Bh2xd6 Rf8f7
20.Ra1e1 Nb8d7
21.Bd3xf5 Qc8a6
22.Bf5xh7 { resign }
1-0

[Event "Match"]
[Site "www.echecsemail.com"]
[Date "2015.12.01"]
[Round "1"]
[White "Vinvangogh"]
[Black "Hardland"]
[WhiteElo "1590"]
[BlackElo "1720"]
[Result "0-1"]
[Round "1"]
1.e4 c5
2.Ng1f3 Nb8c6
3.Bf1b5 Ng8f6
4.Nf3g5 h6
5.O-O hxg5
6.g4 Nf6xe4
7.Qd1f3 d5
8.c4 Ne4f6
9.cxd5 Nf6xd5
10.Bb5c4 Nd5f4
11.d3 Nc6e5
12.Bc4b5 Bc8d7
13.Qf3e4 f6
14.Bc1xf4 gxf4
15.d4 Bd7xb5
16.Rf1d1 Ne5xg4
17.Qe4g6 Kd7
18.Qg6xg4 Kc6
19.Qg4f3 Kb6
20.Nb1c3 Qd8c7
21.a4 Bb5c6
22.a5 Ka6
23.Qf3d3 b5
24.Ra1a4 f3
25.d5 Qc7xh2
26.Kf1 Qh2h1

0-1

[Event "Match"]
[Site "www.echecsemail.com"]
[Date "2015.12.01"]
[Round "1"]
[White "Cristiano"]
[Black "Mrjuarezches"]
[WhiteElo "2140"]
[BlackElo "1199"]
[Result "1-0"]
[Round "1"]
1.e4 e5
2.f4 Nb8c6
3.Ng1f3 Ng8f6
4.Nb1c3 Bf8b4
5.d3 Bb4xc3
6.bxc3 b6
7.fxe5 Nf6h5
8.Bc1g5 f6
9.exf6 gxf6
10.Bg5e3 Qd8e7
11.Bf1e2 Bc8a6
12.Nf3d2 Qe7f7
13.Be2xh5 { resign }
1-0

[Event "Match"]
[Site "www.echecsemail.com"]
[Date "2015.12.01"]
[Round "1"]
[White "Lino"]
[Black "Geodad5"]
[WhiteElo "2039"]
[BlackElo "2180"]
[Result "1-0"]
[Round "1"]
1.e4 e5
2.Ng1f3 d6
3.d4 exd4
4.Nf3xd4 Bf8e7
5.Nb1c3 Ng8f6
6.g3 Bc8d7
7.Bf1g2 Nb8c6
8.Nd4e2 O-O
9.h3 h6
10.O-O Nf6h7
11.f4 f5
12.exf5 Rf8xf5
13.Nc3d5 Rf5f8
14.Ne2c3 Nh7f6
15.Rf1e1 Rf8e8
16.Qd1d3 Kh8
17.Bc1d2 a6
18.Re1e2 Nf6xd5
19.Nc3xd5 Qd8c8
20.Ra1e1 Be7f8
21.Re2xe8 Bd7xe8
22.Re1xe8 Qc8xe8
23.Nd5xc7 Qe8c8
24.Nc7xa8 Qc8xa8
25.Bd2c3 Qa8c8
26.Qd3g6 Qc8d7
27.Bg2e4 Kg8
28.Be4d5 Kh8
29.Qg6xh6 { resign }
1-0

[Event "Match"]
[Site "www.echecsemail.com"]
[Date "2015.12.01"]
[Round "1"]
[White "Ericleo1980"]
[Black "Paco"]
[WhiteElo "2250"]
[BlackElo "1840"]
[Result "0-1"]
[Round "1"]
1.e4 e5
2.Ng1f3 Nb8c6
3.Bf1b5 Ng8f6
4.O-O Nf6xe4
5.d4 exd4
6.Bb5xc6 dxc6
7.Nf3xd4 Bf8c5
8.Bc1e3 O-O
9.c3 Rf8e8
10.Qd1f3 Qd8h4
11.h3 Ne4g5
12.Qf3f4 Ng5xh3
13.gxh3 Qh4xh3
14.Nb1d2 Bc5d6
15.Rf1e1 Bd6xf4
16.Be3xf4 Qh3g4
17.Bf4g3 Re8d8
18.Nd2f1 h5
19.Nf1e3 Qg4g5
20.Kg2 h4
21.Nd4f3 h3
22.Kh2 Qg5f6
23.Nf3d4 c5
24.Nd4b5 Qf6g5
25.Nb5xc7 f5
26.Ne3d5 f4
27.Nd5xf4 Rd8f8
28.Nc7xa8 Bc8d7
29.Nf4d3 Rf8xa8
30.Re1e5 Qg5d2
31.Nd3xc5 Bd7g4
32.Ra1e1 Ra8f8
33.Nc5e4 Qd2xb2
34.Re5g5 Bg4c8
35.Kg1 Qb2xa2
{ time. }
0-1

[Event "Match"]
[Site "www.echecsemail.com"]
[Date "2015.12.01"]
[Round "1"]
[White "Masteratches"]
[Black "Calponas"]
[WhiteElo "1949"]
[BlackElo "2060"]
[Result "1-0"]
[Round "1"]
1.d4 d5
2.c4 e6
3.Nb1c3 Ng8f6
4.cxd5 exd5
5.Bc1g5 Bf8e7
6.e3 O-O
7.Bf1d3 Bc8g4
8.Ng1e2 Nb8d7
9.O-O Rf8e8
10.f3 Bg4h5
11.Qd1b3 Nd7b6
12.Ne2f4 Bh5g6
13.Bd3xg6 hxg6
14.Bg5xf6 Be7xf6
15.Nf4xd5 c6
16.Nd5xf6 Qd8xf6
17.Rf1e1 Ra8d8
18.Nc3e2 Re8e7
19.e4 Re7d7
20.Qb3a3 Nb6c4
21.Qa3c5 Nc4xb2
22.Qc5c2 Rd7xd4
23.Qc2xb2 Qf6e7
24.Ne2xd4 Qe7c5
25.Ra1d1 b5
26.e5 Qc5b6
27.e6 fxe6
28.Kh1 { resign }
1-0

[Event "1/32 Finale"]
[Site "www.chess-mail.com"]
[Date "2015.12.01"]
[Round "1"]
[White "Bevittsmith"]
[Black "Madz123456"]
[WhiteElo "2260"]
[BlackElo "2380"]
[Result "0-1"]
[Round "1"]
1.e4 c5
2.Ng1f3 e6
3.d4 cxd4
4.Nf3xd4 Ng8f6
5.Nb1c3 Nb8c6
6.Bf1e2 Qd8b6
7.Nd4xc6 bxc6
8.O-O d5
9.exd5 exd5
10.b3 Bf8d6
11.Nc3a4 Qb6c7
12.g3 h5
13.Qd1d3 h4
14.Rf1e1 hxg3
15.hxg3 Kf8
16.Bc1b2 Nf6e4
17.Qd3d4 f6
18.Be2d3 Bd6xg3
19.Bd3xe4 dxe4
20.Re1xe4 Bg3e5
21.Re4xe5 Qc7xe5
22.Qd4xe5 fxe5
23.Bb2xe5 Bc8f5
24.f3 Ra8d8
25.Na4c3 Bf5xc2
26.Ra1c1 Bc2f5
27.Nc3e4 Bf5xe4
28.fxe4 Rh8h4
{ resign }
0-1

[Event "1/128 Finale"]
[Site "www.chess-mail.com"]
[Date "2015.12.01"]
[Round "1"]
[White "Llord"]
[Black "Lino"]
[WhiteElo "1810"]
[BlackElo "2139"]
[Result "0-1"]
[Round "1"]
1.e4 c5
2.Bf1c4 e6
3.Ng1f3 Nb8c6
4.O-O a6
5.a4 Ng8f6
6.e5 Nf6g4
7.h3 Ng4xe5
8.Nf3xe5 Nc6xe5
9.Bc4e2 d5
10.d4 Ne5c6
11.c3 Qd8c7
12.Bc1g5 h6
13.Bg5h4 Bf8d6
14.Nb1d2 cxd4
15.cxd4 Nc6xd4
16.Nd2f3 Nd4f5
17.Be2d3 Nf5xh4
18.Nf3xh4 Bc8d7
19.b3 Ra8c8
20.Nh4f3 O-O
21.Qd1d2 Bd6f4
22.Qd2b2 e5
23.Bd3e2 Qc7c2
24.Qb2xc2 Rc8xc2
25.Be2d1 Rc2c7
26.g3 Bf4c1
27.Nf3xe5 Bd7xh3
28.Rf1e1 Bc1d2
29.Re1e2 Bd2c3
30.Ra1c1 Bc3xe5
31.Rc1xc7 Be5xc7
32.Re2e7 Rf8c8
33.Kh2 Bh3e6
34.Bd1f3 Kf8
{ resign }
0-1

[Event "1/64 Finale"]
[Site "www.chess-mail.com"]
[Date "2015.12.01"]
[Round "1"]
[White "Piekki"]
[Black "Hennie4820"]
[WhiteElo "1770"]
[BlackElo "1980"]
[Result "0-1"]
[Round "1"]
1.e4 c5
2.Ng1f3 e6
3.d4 cxd4
4.Nf3xd4 Ng8f6
5.Bf1d3 Qd8b6
6.Nd4b3 Nb8c6
7.Bc1e3 Qb6c7
8.Nb1c3 a6
9.f4 d6
10.Qd1f3 Bf8e7
11.O-O O-O
12.Ra1d1 Bc8d7
13.g4 Nc6b4
14.g5 Nf6e8
15.Qf3h5 g6
16.Qh5h6 Ne8g7
17.Rf1f3 Ng7h5
18.f5 Nb4xd3
19.cxd3 exf5
20.exf5 Bd7xf5
21.Nc3d5 Qc7d8
22.Be3b6 Be7xg5
23.Qh6xh5 gxh5
24.Bb6xd8 Bf5g4
25.Bd8xg5 Bg4xf3
26.Nd5e7 Kg7
27.Rd1f1 Bf3e2
28.Bg5f6 Kh6
29.Nb3d4 Be2xd3
30.Rf1f5 Rf8g8
{ resign }
0-1

[Event "Eq:Los Tercios-Clubul Central de Sah : "]
[Site "www.chess-mail.com"]
[Date "2015.12.01"]
[Round "1"]
[White "Ericleo1980"]
[Black "Dorulristea"]
[WhiteElo "2290"]
[BlackElo "2780"]
[Result "1-0"]
[Round "1"]
1.e4 c5
2.Ng1f3 d6
3.d4 cxd4
4.Nf3xd4 Ng8f6
5.Nb1c3 a6
6.Bc1e3 e5
7.Nd4b3 Bf8e7
8.f3 Bc8e6
9.Qd1d2 O-O
10.O-O-O Nb8d7
11.g4 b5
12.g5 b4
13.Nc3e2 Nf6e8
14.h4 a5
15.Kb1 a4
16.Nb3c1 Nd7b6
17.Ne2g3 d5
18.Be3xb6 Qd8xb6
19.exd5 Ra8d8
20.Bf1c4 Ne8c7
21.dxe6 Rd8xd2
22.exf7 Kh8
23.Rd1xd2 Nc7b5
24.Ng3f5 Nb5a3
25.bxa3 bxa3
26.Nc1b3 Qb6b4
27.Rd2d3  { time }
1-0

[Event "Eq:Los Tercios-Clubul Central de Sah : "]
[Site "www.chess-mail.com"]
[Date "2015.12.01"]
[Round "1"]
[White "Pispindroi"]
[Black "Lopez"]
[WhiteElo "2620"]
[BlackElo "2050"]
[Result "0-1"]
[Round "1"]
1.c4 e6
2.Nb1c3 Ng8f6
3.e4 Nb8c6
4.d4 d5
5.e5 Nf6e4
6.Ng1f3 Bf8b4
7.Qd1c2 Ne4xc3
8.bxc3 Bb4e7
9.Bf1d3 h6
10.cxd5 Qd8xd5
11.O-O O-O
12.Ra1b1 Ra8b8
13.Rb1b5 Qd5d8
14.Qc2e2 Bc8d7
15.Bc1xh6 gxh6
16.Qe2e4 f5
17.Qe4f4 Be7g5
18.Qf4g3 Kh7
19.h4 Bg5e7
20.Qg3f4 Rf8g8
21.d5 Nc6xe5
 { time }
0-1

[Event "Tourn. n8451"]
[Site "www.chess-mail.com"]
[Date "2015.12.02"]
[Round "1"]
[White "Gatrooper"]
[Black "Naujzaid"]
[WhiteElo "1620"]
[BlackElo "1910"]
[Result "0-1"]
[Round "1"]
1.e4 c5
2.d3 d6
3.h3 Ng8f6
4.a3 e6
5.Bc1g5 Bf8e7
6.Bg5xf6 Be7xf6
7.c3 O-O
8.Ng1f3 Nb8c6
9.Bf1e2 b6
10.Nb1d2 Bc8b7
11.Nd2c4 d5
12.exd5 exd5
13.Nc4e3 d4
14.cxd4 Nc6xd4
15.Nf3xd4 Bf6xd4
16.Ne3f5 Bd4xb2
17.Ra1b1 Bb2xa3
18.O-O Qd8g5
19.Nf5g3 Ba3b4
20.Be2g4 Bb4c3
21.f3 Bc3d4
22.Kh1 h5
23.f4 Qg5h4
24.Ng3e4 hxg4
25.Ne4g5 gxh3
26.Ng5xh3 Qh4xh3
{ resign }
0-1

[Event "Tourn. n8453"]
[Site "www.chess-mail.com"]
[Date "2015.12.02"]
[Round "1"]
[White "Naujzaid"]
[Black "Attatroll"]
[WhiteElo "1910"]
[BlackElo "1940"]
[Result "1-0"]
[Round "1"]
1.d4 f5
2.e4 fxe4
3.Nb1c3 Ng8f6
4.Bc1g5 g6
5.h4 Bf8g7
6.h5 d5
7.h6 Bg7f8
8.f3 exf3
9.Ng1xf3 Bc8g4
10.Qd1d2 Nf6e4
11.Nc3xe4 dxe4
12.Nf3e5 Bg4f5
13.Bf1c4 Qd8c8
14.O-O-O Nb8c6
15.Bc4f7 Kd8
16.Rh1g1 a5
17.g4 Nc6xe5
18.dxe5 Qc8d7
19.gxf5 Qd7xd2
20.Rd1xd2 Kc8
21.Bf7e6 Kb8
22.Rd2d8 Ka7
23.Rd8xa8 Kxa8
24.Rg1d1 gxf5
25.Rd1d8 Ka7
26.Be6xf5 Rh8g8
27.Bg5e3 b6
28.Bf5xe4 Ka6
29.a4 Bf8xh6
30.Rd8xg8 Bh6xe3
31.Kd1 { resign }
1-0

[Event "Tourn. n8499"]
[Site "www.chess-mail.com"]
[Date "2015.12.02"]
[Round "1"]
[White "Maredocla"]
[Black "Jhw"]
[WhiteElo "2080"]
[BlackElo "2020"]
[Result "1-0"]
[Round "1"]
1.e4 e5
2.Ng1f3 Bf8c5
3.Nf3xe5 Bc5xf2
4.Kxf2 Qd8h4
5.g3 Qh4xe4
6.Ne5f3 Ng8f6
7.Qd1e2 Nf6g4
8.Kg2 d5
9.d3 Qe4xe2
10.Bf1xe2 O-O
11.h3 Ng4f6
12.Rh1f1 Rf8e8
13.Rf1f2 Nb8c6
14.Bc1g5 Nc6e5
15.Bg5xf6 gxf6
16.Nb1c3 { resign }
1-0

[Event "Tourn. n8486"]
[Site "www.chess-mail.com"]
[Date "2015.12.02"]
[Round "1"]
[White "Panham"]
[Black "Cristiano"]
[WhiteElo "2190"]
[BlackElo "2180"]
[Result "1-0"]
[Round "1"]
1.e4 c5
2.c3 e5
3.Ng1f3 d6
4.d4 cxd4
5.cxd4 exd4
6.Nf3xd4 Ng8f6
7.Nb1c3 a6
8.Bf1e2 Bf8e7
9.O-O O-O
10.f4 Nb8c6
11.Nd4f5 Bc8xf5
12.exf5 Qd8b6
13.Kh1 Ra8c8
14.Be2f3 Rf8d8
15.Qd1e2 Qb6c7
16.Nc3d5 Nf6xd5
17.Bf3xd5 Be7f6
18.Qe2h5 Nc6b4
19.Bd5b3 Rd8d7
20.Ra1b1 a5
21.Bc1d2 Nb4d3
22.h3 b5
23.Bb3d5 Rc8b8
24.b3 Qc7b6
25.Qh5f3 Nd3b4
26.Bd2xb4 axb4
27.Qf3e4 Rd7e7
28.Qe4xb4 h6
29.Rf1e1 Rb8e8
30.Rb1d1 Re7e3
31.Rd1c1 Re3xe1
32.Rc1xe1 Re8xe1
33.Qb4xe1 Kf8
34.Qe1e4 b4
35.Bd5c6 Bf6e7
36.f6 gxf6
37.Qe4h7 { resign }
1-0

[Event "Tourn. n8407"]
[Site "www.chess-mail.com"]
[Date "2015.12.02"]
[Round "1"]
[White "Dulap"]
[Black "Yvan"]
[WhiteElo "999"]
[BlackElo "999"]
[Result "1-0"]
[Round "1"]
1.e4 Ng8f6
2.e5 Nf6d5
3.d4 d6
4.Ng1f3 Bc8g4
5.Bf1e2 e6
6.O-O Bf8e7
7.c4 Nd5b6
8.h3 Bg4h5
9.Qd1b3 O-O
10.Nb1c3 Nb8c6
11.Bc1e3 Bh5xf3
12.Be2xf3 Nc6a5
13.Qb3c2 Na5xc4
14.Be3f4 dxe5
15.Bf4xe5 c6
16.Rf1e1 Nc4xe5
17.dxe5 Qd8c7
18.Ra1c1 Ra8d8
19.Nc3b5 Qc7b8
20.Nb5c3 Nb6c4
21.Nc3e4 Nc4xe5
22.Bf3e2 Ne5g6
23.Be2f3 Ng6f4
24.Re1d1 Rd8xd1
25.Rc1xd1 Rf8d8
26.Ne4g3 Rd8xd1
27.Qc2xd1  { time }
1-0

[Event "Tourn. n8422"]
[Site "www.chess-mail.com"]
[Date "2015.12.02"]
[Round "1"]
[White "Aperturaf"]
[Black "Yangqi"]
[WhiteElo "2390"]
[BlackElo "2550"]
[Result "0-1"]
[Round "1"]
1.e4 c5
2.Ng1f3 d6
3.d4 cxd4
4.Qd1xd4 Nb8c6
5.Bf1b5 Bc8d7
6.Bb5xc6 Bd7xc6
7.c4 Ng8f6
8.Nb1c3 g6
9.O-O Bf8g7
10.Qd4d3 O-O
11.Nf3d4 Ra8c8
12.b3 Nf6xe4
13.Nc3xe4 d5
14.Nd4xc6 Rc8xc6
15.Ra1b1 dxe4
16.Qd3xe4 Qd8d7
17.Bc1g5 Rc6e6
18.Qe4f3 Rf8d8
19.Rb1d1 Bg7d4
20.Bg5e3 Re6f6
21.Qf3e4 e5
22.Rf1e1 Rf6d6
23.Be3xd4 Rd6xd4
24.Rd1xd4 exd4
25.Qe4d3 Qd7d6
26.g3 Qd6b4
27.Qd3e4 d3
28.Re1d1 d2
29.Kg2 a6
30.Qe4e5 Qb4b6
31.f3 h5
32.Qe5c3 Qb6d6
33.Kf2 Kh7
34.Qc3e3 Qd6d7
35.Qe3e5 Qd7h3
36.Kg1 Qh3d7
37.Kf2 Qd7h3
38.Kg1 Qh3d7
39.Kf2 Kg8
40.Qe5e3 Kg7
41.Qe3e4 a5
42.Qe4e5 f6
43.h4 fxe5
{ resign }
0-1

[Event "Tourn. n8480"]
[Site "www.chess-mail.com"]
[Date "2015.12.02"]
[Round "1"]
[White "Francesco"]
[Black "Jhw"]
[WhiteElo "1940"]
[BlackElo "1900"]
[Result "1-0"]
[Round "1"]
1.e4 e5
2.Ng1f3 Ng8f6
3.Bf1c4 Nf6xe4
4.d3 Ne4xf2
5.Kxf2 d5
6.Bc4b3 Bf8c5
7.Bc1e3 Bc5xe3
8.Kxe3 Qd8e7
9.Kf2 e4
10.dxe4 dxe4
11.Rh1e1 Bc8g4
12.Nb1d2 Bg4xf3
13.Nd2xf3 Qe7c5
14.Qd1d4 Qc5xd4
15.Nf3xd4 f5
16.Nd4e6 Kd7
17.Ra1d1 Ke7
18.Ne6xc7 { resign }
1-0

[Event "Tourn. n8431"]
[Site "www.chess-mail.com"]
[Date "2015.12.02"]
[Round "1"]
[White "Tartan"]
[Black "Yangqi"]
[WhiteElo "2460"]
[BlackElo "2550"]
[Result "1/2-1/2"]
[Round "1"]
1.e4 e5
2.Ng1f3 Nb8c6
3.Bf1b5 a6
4.Bb5a4 Ng8f6
5.O-O Nf6xe4
6.d4 b5
7.Ba4b3 d5
8.dxe5 Bc8e6
9.c3 Bf8c5
10.Nb1d2 O-O
11.Bb3c2 Ne4xf2
12.Rf1xf2 f6
13.exf6 Bc5xf2
14.Kxf2 Qd8xf6
15.Nd2f1 Nc6e5
16.Bc1e3 Ra8e8
17.Be3c5 Ne5xf3
18.gxf3 Rf8f7
19.Nf1g3 Be6g4
20.Kg1 Qf6xf3
21.Qd1xf3 Rf7xf3
22.a4 g6
23.axb5 axb5
24.Kg2 Rf3f4
25.Bc2d3 c6
26.Ra1a6 Bg4f3
27.Kg1 Re8e1
28.Kf2 Re1e8
29.Kg1 Re8e1
30.Kf2 { draw }
1/2-1/2

[Event "Tourn. n8424"]
[Site "www.chess-mail.com"]
[Date "2015.12.02"]
[Round "1"]
[White "Osopanda"]
[Black "Lino"]
[WhiteElo "1860"]
[BlackElo "2039"]
[Result "0-1"]
[Round "1"]
1.d4 f5
2.Ng1f3 Ng8f6
3.g3 g6
4.Bf1g2 Bf8g7
5.O-O O-O
6.c4 d6
7.Nb1c3 c6
8.Qd1d3 Nb8a6
9.a3 Na6c7
10.e4 fxe4
11.Nc3xe4 Nf6xe4
12.Qd3xe4 Bc8f5
13.Qe4h4 Bf5d3
14.Rf1e1 Bd3xc4
15.Bc1g5 Bg7f6
16.Bg5xf6 exf6
17.Ra1c1 Bc4d5
18.Qh4h6 Qd8d7
19.Rc1c3 Ra8e8
20.Rc3e3 Re8xe3
21.fxe3 Rf8e8
22.Nf3d2 Bd5xg2
23.Kxg2 Nc7d5
24.Nd2f3 Qd7f5
25.Nf3h4 Qf5c2
26.Kh3 Qc2f2
27.Re1b1 g5
28.Nh4g2 Qf2f5
{ resign }
0-1

[Event "Tourn. n8483"]
[Site "www.chess-mail.com"]
[Date "2015.12.02"]
[Round "1"]
[White "Libiesse"]
[Black "Luban"]
[WhiteElo "2050"]
[BlackElo "2010"]
[Result "0-1"]
[Round "1"]
1.d4 d5
2.c4 e6
3.Ng1f3 h6
4.Nb1c3 Ng8f6
5.cxd5 exd5
6.Bc1f4 a6
7.e3 Bc8g4
8.h3 Bg4xf3
9.Qd1xf3 c6
10.Bf1d3 Bf8d6
11.O-O O-O
12.a3 Rf8e8
13.b4 Bd6xf4
14.Qf3xf4 Nb8d7
15.Nc3a4 b5
16.Na4c5 Nd7xc5
17.dxc5 a5
18.Rf1c1 Nf6e4
19.Qf4f5 g6
20.Qf5f4 Qd8g5
21.Qf4c7 axb4
22.Qc7xc6 Ne4xf2
{ resign }
0-1

[Event "Tourn. n8480"]
[Site "www.chess-mail.com"]
[Date "2015.12.02"]
[Round "1"]
[White "Jhw"]
[Black "Pariolinius"]
[WhiteElo "1900"]
[BlackElo "1990"]
[Result "0-1"]
[Round "1"]
1.c4 e5
2.e3 Ng8f6
3.a3 Nb8c6
4.d3 d5
5.cxd5 Nf6xd5
6.Bc1d2 Bf8d6
7.g3 O-O
8.e4 Nd5f6
9.Bf1e2 Rf8e8
10.Nb1c3 Nc6d4
11.Be2f3 Nd4xf3
12.Ng1xf3 b6
13.b4 Bc8a6
14.Bd2g5 h6
15.Bg5xf6 Qd8xf6
16.Nc3d5 Qf6d8
17.d4 c6
18.Nd5c3 exd4
19.Nf3xd4 Qd8d7
20.f3 Ra8d8
21.Ra1b1 c5
22.bxc5 Bd6xc5
23.Nd4f5 Qd7e6
24.Qd1b3 Ba6c4
25.Qb3c2 Bc4d3
26.Qc2b2 Bd3xb1
27.Nc3d5 Qe6xf5
28.Qb2e2 Qf5e5
29.Qe2c4 Rd8xd5
{ resign }
0-1

[Event "Tourn. n8425"]
[Site "www.chess-mail.com"]
[Date "2015.12.02"]
[Round "1"]
[White "Nimzo"]
[Black "Gimmyg"]
[WhiteElo "2820"]
[BlackElo "2470"]
[Result "1-0"]
[Round "1"]
1.d4 d5
2.c4 e5
3.dxe5 d4
4.Ng1f3 Nb8c6
5.a3 f6
6.exf6 Qd8xf6
7.Bc1g5 Qf6g6
8.g3 h6
9.Bg5f4 Qg6f6
10.Bf1g2 Bc8f5
11.Bf4xc7 Ra8c8
12.Bc7f4 g5
13.Bf4d2 Qf6e6
14.O-O Bf8g7
15.e3 dxe3
16.Bd2xe3 Qe6xc4
17.Nb1d2 Qc4f7
18.Qd1a4 Bf5d3
19.Nf3d4 Bd3xf1
20.Bg2xf1 Ng8e7
21.Bf1c4 Qf7g6
22.Ra1e1 a6
23.Nd4xc6 Qg6xc6
24.Qa4b4 Qc6d7
25.Be3c5 Rc8xc5
26.Qb4xc5 { resign }
1-0

[Event "Tourn. n8408"]
[Site "www.chess-mail.com"]
[Date "2015.12.02"]
[Round "1"]
[White "Tartan"]
[Black "Madz123456"]
[WhiteElo "2450"]
[BlackElo "2380"]
[Result "0-1"]
[Round "1"]
1.e4 c5
2.Ng1f3 e6
3.d4 cxd4
4.Nf3xd4 Ng8f6
5.Nb1c3 d6
6.Bf1e2 Bf8e7
7.O-O Nb8c6
8.Kh1 O-O
9.f4 Bc8d7
10.Bc1e3 a6
11.Qd1e1 Nc6xd4
12.Be3xd4 Bd7c6
13.Qe1g3 b5
14.a3 Qd8d7
15.Ra1e1 Ra8c8
16.Be2d3 a5
17.b4 Rc8a8
18.Re1a1 Rf8c8
19.Ra1e1 axb4
20.axb4 Qd7b7
 { time }
0-1

[Event "Tourn. n8464"]
[Site "www.chess-mail.com"]
[Date "2015.12.02"]
[Round "1"]
[White "Wwgia"]
[Black "Asoka"]
[WhiteElo "2220"]
[BlackElo "2670"]
[Result "0-1"]
[Round "1"]
1.d4 Ng8f6
2.c4 e6
3.Ng1f3 b6
4.a3 Bc8b7
5.Nb1c3 d5
6.cxd5 Nf6xd5
7.e3 Nd5xc3
8.bxc3 Bf8d6
9.Bf1d3 O-O
10.O-O c5
11.Qd1e2 Nb8c6
12.e4 Nc6a5
13.Bc1b2 Ra8c8
14.Ra1d1 Qd8c7
15.h3 c4
16.Bd3b1 Na5b3
17.Nf3d2 Nb3xd2
18.Rd1xd2 f5
19.d5 Rc8e8
20.Rf1d1 exd5
{ resign }
0-1

[Event "Tourn. n8473"]
[Site "www.chess-mail.com"]
[Date "2015.12.02"]
[Round "1"]
[White "Libiesse"]
[Black "Ffdd65"]
[WhiteElo "2050"]
[BlackElo "2180"]
[Result "0-1"]
[Round "1"]
1.d4 d5
2.c4 c6
3.cxd5 cxd5
4.Nb1c3 e6
5.Ng1f3 h6
6.Bc1f4 Bf8d6
7.Bf4xd6 Qd8xd6
8.e3 Ng8f6
9.Bf1d3 b6
10.O-O Bc8a6
11.Ra1c1 Ba6xd3
12.Qd1xd3 a6
13.Rc1c2 Nb8c6
14.a3 O-O
15.Rf1c1 Rf8c8
16.Nf3e5 Nc6xe5
17.Qd3e2 Ne5c4
18.f3 b5
19.Qe2d3 Qd6d7
20.g3 Rc8c6
21.e4 Ra8c8
22.e5 Nf6h7
23.f4 Rc8c7
24.a4 Qd7c8
25.axb5 axb5
{ resign }
0-1

[Event "Tourn. n8493"]
[Site "www.chess-mail.com"]
[Date "2015.12.02"]
[Round "1"]
[White "Julian"]
[Black "Mitja"]
[WhiteElo "1880"]
[BlackElo "1930"]
[Result "1-0"]
[Round "1"]
1.e4 d5
2.exd5 Qd8xd5
3.d4 Qd5e4
4.Bc1e3 e6
5.Bf1d3 Qe4d5
6.Ng1f3 c6
7.O-O Ng8f6
8.c4 Qd5d8
9.Nb1c3 Bf8e7
10.Qd1e2 b6
11.Rf1d1 h6
12.d5 Bc8b7
13.dxe6 fxe6
14.Bd3g6 { resign }
1-0

[Event "Tourn. n8420"]
[Site "www.chess-mail.com"]
[Date "2015.12.02"]
[Round "1"]
[White "Ochoreales"]
[Black "Falcoale"]
[WhiteElo "2090"]
[BlackElo "1920"]
[Result "0-1"]
[Round "1"]
1.e4 c5
2.Ng1f3 Nb8c6
3.d4 cxd4
4.Nf3xd4 a6
5.Nb1c3 e6
6.Bf1e2 Ng8f6
7.O-O Bf8e7
8.Bc1e3 O-O
9.f4 d5
10.exd5 exd5
11.Be2f3 Rf8e8
12.Nd4xc6 bxc6
13.Nc3e2 Bc8b7
 { time }
0-1

[Event "Tourn. n8436"]
[Site "www.chess-mail.com"]
[Date "2015.12.02"]
[Round "1"]
[White "Sontuozio"]
[Black "Jpjohnston"]
[WhiteElo "2120"]
[BlackElo "2050"]
[Result "1-0"]
[Round "1"]
1.d4 d5
2.Ng1f3 Bc8f5
3.e3 e6
4.c4 c5
5.Nf3e5 Bf8d6
6.Qd1a4 Nb8d7
7.cxd5 exd5
8.Nb1c3 Ng8f6
9.h3 O-O
10.f4 Nd7b6
11.Qa4d1 c4
12.g4 Bf5e4
13.Rh1g1 Bd6b4
14.g5 Bb4xc3
15.bxc3 Nf6d7
16.Ne5g4 Be4g6
17.h4 f5
18.Ng4e5 Qd8c7
19.h5 Bg6f7
20.g6 Nd7xe5
21.fxe5 Bf7e8
22.Bc1a3 Be8a4
23.gxh7 Kxh7
24.Qd1f3 Rf8g8
25.Qf3xf5 Kh8
26.h6 Ra8d8
27.hxg7 Rg8xg7
28.Qf5f6 Kg8
29.Rg1xg7 Qc7xg7
30.Qf6xd8 Kh7
31.Qd8h4 Kg8
32.Qh4f2 Nb6c8
33.Qf2g2 Nc8b6
34.Qg2xg7 Kxg7
35.Bf1h3 { resign }
1-0

[Event "Tourn. n8492"]
[Site "www.chess-mail.com"]
[Date "2015.12.02"]
[Round "1"]
[White "Faerieking"]
[Black "Bennyp"]
[WhiteElo "2270"]
[BlackElo "2370"]
[Result "0-1"]
[Round "1"]
1.e4 c5
2.d4 cxd4
3.c3 Ng8f6
4.e5 Nf6d5
5.Ng1f3 e6
6.Bf1c4 Nb8c6
7.O-O d6
8.cxd4 Bf8e7
9.Qd1e2 O-O
10.Rf1e1 a6
11.Nb1c3 Nd5xc3
12.bxc3 dxe5
13.dxe5 Qd8a5
14.Qe2e4 Rf8d8
15.Bc4d3 g6
16.Bc1d2 Qa5d5
{ resign }
0-1

[Event "Match"]
[Site "www.echecsemail.com"]
[Date "2015.12.02"]
[Round "1"]
[White "Jhw"]
[Black "Attatroll"]
[WhiteElo "1950"]
[BlackElo "1940"]
[Result "0-1"]
[Round "1"]
1.Ng1f3 d5
2.c4 dxc4
3.Qd1a4 c6
4.Qa4xc4 Bc8e6
5.Qc4b4 Qd8b6
6.Qb4xb6 axb6
7.Nb1c3 g6
8.d4 Bf8g7
9.Bc1f4 Nb8a6
10.a3 Ng8f6
11.e4 O-O
12.Bf1e2 Ra8d8
13.h3 Nf6h5
14.Bf4g5 h6
15.Bg5xe7 Nh5f4
16.O-O Bg7xd4
17.Be7xf8 Bd4xc3
18.bxc3 Nf4xe2
19.Kh2 Kxf8
20.Ra1b1 Ne2xc3
21.Rb1xb6 Be6c8
22.Rb6b3 Nc3xe4
23.Rf1e1 Ne4xf2
24.Rb3e3 Na6c5
25.Nf3e5 Bc8e6
26.Re1f1 Rd8d2
27.Ne5f3 Rd2b2
28.Nf3e1 Nf2xh3
29.Re3e5 Be6d5
30.Kxh3 Rb2b3
31.g3 Nc5e4
32.Kg4 Rb3xg3
33.Kf4 g5
34.Kf5 Ne4d6
35.Kf6 Nd6e8
36.Kf5 Ne8g7
37.Kf6 Rg3xa3
38.Rf1f2 Ng7h5
39.Kf5 Kg7
40.Re5e7 Bd5e6
41.Ke4 Ra3a4
42.Ke5 Nh5f4
43.Re7xb7 Be6d5
44.Kd6 Ra4e4
45.Ne1c2 Re4e6
46.Kd7 Nf4d3
{ resign }
0-1

[Event "Match"]
[Site "www.echecsemail.com"]
[Date "2015.12.02"]
[Round "1"]
[White "Silent1"]
[Black "Jhw"]
[WhiteElo "1800"]
[BlackElo "1950"]
[Result "1-0"]
[Round "1"]
1.d4 c6
2.e4 d5
3.e5 f6
4.Bc1f4 e6
5.Ng1f3 Qd8e7
6.a3 g5
7.Bf4c1 g4
8.Nf3d2 fxe5
9.dxe5 Qe7g5
10.Nd2c4 Qg5h5
11.Nc4d6 Bf8xd6
12.exd6 Ng8f6
13.Bf1e2 h6
14.O-O e5
15.Nb1c3 d4
16.Nc3a2 Nf6e4
17.Na2b4 Ne4xd6
18.b3 Bc8e6
19.h3 Nd6e4
20.Be2xg4 Be6xg4
21.Qd1xg4 Qh5xg4
22.hxg4 Ne4c3
23.Bc1d2 Nc3e2
24.Kh2 Nb8d7
25.Rf1e1 Ne2f4
26.Bd2xf4 O-O
27.Bf4xh6 Rf8xf2
28.Ra1c1 Ra8e8
29.Nb4d3 Rf2f6
30.g5 Rf6g6
31.Re1e4 b6
32.Rc1e1 Re8e6
33.Nd3xe5 Nd7xe5
34.Re4xe5 Re6xe5
35.Re1xe5 Kh7
36.Re5e7 Kg8
37.Re7xa7 Rg6e6
38.Ra7d7 Re6e2
39.Rd7xd4 { resign }
1-0

[Event "Match"]
[Site "www.echecsemail.com"]
[Date "2015.12.02"]
[Round "1"]
[White "Bojan"]
[Black "Ssharp"]
[WhiteElo "2030"]
[BlackElo "2230"]
[Result "0-1"]
[Round "1"]
1.e4 e5
2.Ng1f3 Ng8f6
3.Bf1c4 Nb8c6
4.Nb1c3 Bf8c5
5.Nc3d5 Nf6xe4
6.Rh1f1 Ne4f6
7.a3 d6
8.d3 h6
9.h3 Bc8e6
10.Nd5xf6 Qd8xf6
11.Bc4xe6 Qf6xe6
12.Qd1e2 O-O-O
13.Bc1e3 Bc5xe3
14.Qe2xe3 Kb8
15.Kd2 Rh8e8
16.Rf1e1 a6
17.Re1e2 f5
18.Ke1 g5
19.d4 f4
20.Qe3d3 Qe6f7
21.Nf3d2 Nc6xd4
22.Nd2b3 Nd4c6
23.Ra1d1 e4
24.Qd3c3 f3
25.gxf3 exf3
26.Re2xe8 Rd8xe8
27.Kf1 Qf7f5
{ resign }
0-1